00235nam a2200097Ia 4500008004100000082000800041100001700049245005000066942000600116999001500122240331s9999 xx 000 0 und d bRAM aRamaswamy, V 0aDivinity and deviance :bwomen in virasaivism cL c1817d1817